[Event "Stay Safe Play From Home 355"]
[Site "Emanuel Lasker Arena"]
[Date "2020.08.04"]
[Round "9"]
[White "Lamborghini"]
[Black "TheCHESSHOUSE"]
[Result "1-0"]
[WhiteElo "2268"]
[BlackElo "2095"]
[Annotator "TA"]
[PlyCount "53"]
[EventDate "2020.08.04"]
[EventType "swiss (blitz)"]

{[%evp 27,53,66,77,84,91,83,102,113,126,93,148,165,142,-122,-110,-143,-160,-171,148,0,478,-95,799,799,1371,1352,845,634]} 1. e4 c5 2. Nf3 d6 3. d4 cxd4 4. Nxd4 Nf6 5. Nc3 g6 6. Be3 Bg7 7. f3 O-O 8. Qd2 Nc6 9. Bc4 Bd7 10. Bb3 Ne5 11. O-O-O Rc8 12. Kb1 Nc4 13. Bxc4 Rxc4 14. g4 a6 15. h4 {B78: Sicilian Dragon: Yugoslav Attack, 9 Bc4 Bd7 10 0-0-0 Rc8.} h5 16. gxh5 Nxh5 17. Rhg1 {White is better.} b5 18. Nde2 {[#]} b4 $146 (18... Be6 $142) ({Predecessor:} 18... Be6 19. Bd4 b4 20. Bxg7 Kxg7 21. Nd5 Bxd5 22. Qxd5 Rc5 23. Qd4+ Kh7 24. Qxb4 Qc7 {1-0 (52) Gomez Barrera,J (2063)-Ji,P (1774) Barcelona 2018}) 19. Nd5 $1 $16 e6 20. Ndf4 $2 {[%mdl 8192]} (20. Nxb4 $6 Qf6 $11) (20. Bg5 $16 {and life is bright.} Qa5 21. Ne7+ Kh7 22. Qxd6) 20... Nxf4 $17 (20... Qf6 $2 21. Bd4 $18) 21. Nxf4 {aiming for Nh5.} Qf6 {[%csl Gg7][%cal Rf6b2]} (21... Qxh4 $6 22. Qxd6 Qf6 23. e5 $11) 22. Nd3 d5 $2 {[#]} (22... Qxf3 23. Bh6 $17) ({Wrong is} 22... Qxh4 $2 23. Rh1 $18) (22... Rfc8 $1 $19 23. Bh6 Bxh6 {[%mdl 64] Overworked Piece} 24. Qxh6 Rxc2) 23. e5 (23. h5 $1 $16) 23... Qe7 $2 {[%mdl 8192] [#]} ({Of course not} 23... Qxh4 $6 24. b3 $18) (23... Qxf3 $11 24. Bh6 Rg4) 24. Bh6 $2 ({White should play} 24. h5 $1 $18 {[%mdl 512]}) 24... Rxh4 $2 {[%mdl 8192]} (24... Bxh6 $17 25. Qxh6 Rxh4) 25. Bg5 $18 {[%mdl 64] Double Attack. White is clearly winning.} Bh6 26. Bxe7 Bxd2 27. Rxd2 {Accuracy: White = 41%, Black = 32%.} 1-0

[Event "Stay Safe Play From Home 355"]
[Site "Emanuel Lasker Arena"]
[Date "2020.08.04"]
[Round "9"]
[White "Little champs"]
[Black "Nuktotitakoi"]
[Result "0-1"]
[WhiteElo "2195"]
[BlackElo "2361"]
[Annotator "TA"]
[PlyCount "100"]
[EventDate "2020.08.04"]
[EventType "swiss (blitz)"]

{[%evp 10,100,25,0,0,-13,5,13,9,0,65,65,150,-57,-48,-52,-56,-50,60,34,40,-5,-8,-14,-16,-20,-10,-29,-31,-44,-46,-72,-24,-24,-21,-177,-183,-225,-244,-248,-239,-246,-105,-303,-223,-277,-271,-267,-89,-136,-49,-94,-89,-89,-90,-100,-16,-58,-44,-85,-50,-81,-16,-29,-27,-1376,-1376,-1340,-1309,-1368,-1368,-1368,-1368,-1368,-1368,-1339,-1279,-1251,-1079,-918,-760,-5329,-5065,-29977,-29978,-29979,-29980,-29984,-29984,-29985,-29985,-29997,-29968]} 1. d4 d6 2. e3 Nf6 3. c4 g6 4. Nc3 Bg7 5. Nf3 O-O 6. g3 c5 {E61: King's Indian: Early deviations for White, including Smyslov System.} 7. Bg2 cxd4 8. Nxd4 {[#]} Bg4 $146 {The position is equal.} ({Predecessor:} 8... Qb6 9. O-O Nc6 10. b3 Bg4 11. Qd3 Rac8 12. Bb2 h5 13. h3 Bd7 14. Rfe1 h4 15. g4 Nh7 16. Nd5 Qd8 17. Rad1 f5 18. Nf4 Ne5 19. Bd5+ Kh8 20. Nde6 Qb6 21. Bxe5 Bxe5 22. Nxg6+ Kg8 23. Nexf8+ {1-0 (23) Sadovsky,A (2386)-Pogosyan,G (2333) Tula 2017}) 9. Qb3 Nbd7 (9... e5 $11 10. Nde2 Nbd7) 10. Qxb7 $14 Rb8 (10... Rc8 $14) 11. Qa6 $2 ({Better is} 11. Qxa7 $16 Ne5 12. O-O) 11... Nc5 $15 12. Qa3 $1 Nd3+ 13. Kf1 Nxc1 (13... Qc8 $15) 14. Rxc1 Qb6 15. Nc6 {Threatens to win with h3.} Qxb2 16. Qxb2 Rxb2 17. Nxe7+ Kh8 18. h3 Be6 19. Ned5 Nd7 20. Kg1 Ne5 21. Ne4 Nxc4 22. Rxc4 $2 (22. Nf4 $11 {and White stays safe.}) 22... Bxd5 $19 23. Ra4 Rxa2 24. Rxa2 Bxa2 25. Nxd6 {[#]} Rd8 (25... a5 $1 $19 {is more deadly.} 26. Bc6 Rd8) 26. Ne4 $2 (26. Nb7 $17 Rd1+ 27. Kh2 Rxh1+ 28. Bxh1) 26... f5 27. Ng5 h6 28. Nf3 Rb8 $2 (28... Rd1+ $19 {and Black stays clearly on top.} 29. Kh2 Rxh1+ 30. Kxh1 a5) 29. Kh2 {[#]} Rb2 (29... a5 $1 $17 {[%cal Ra5a4]} 30. Nd4 a4) 30. Rc1 Rxf2 31. Rc8+ Kh7 32. Kg1 Rb2 ({Black should play} 32... Re2 $17 33. Ra8 Rxe3 34. Rxa7 Bd5) 33. Rc7 a5 34. Nd4 a4 35. Ra7 Bb3 (35... h5 $17 {Black wants to play ...Kh6.} 36. h4 Bb3) 36. Bc6 Ra2 {Hoping for ...h5.} 37. Nxb3 $2 {[%mdl 8192]} (37. g4 $11) 37... axb3 $11 {[%mdl 4096] Endgame KRB-KRB} 38. Rb7 b2 39. Bd5 Ra1+ 40. Kg2 b1=Q 41. Rxb1 Rxb1 42. Kf3 Rb2 43. Be6 Bf6 44. Bd5 Rb4 45. h4 g5 46. hxg5 hxg5 {Black mates.} 47. Be6 Kg6 48. Kg2 Rb6 49. Bd5 Rb2+ 50. Kf3 Be5 {Accuracy: White = 39%, Black = 41%.} 0-1

[Event "Stay Safe Play From Home 355"]
[Site "Emanuel Lasker Arena"]
[Date "2020.08.04"]
[Round "9"]
[White "Fischer_11"]
[Black "Broken sword"]
[Result "1-0"]
[WhiteElo "2098"]
[BlackElo "2398"]
[Annotator "NA RC"]
[PlyCount "131"]
[EventDate "2020.08.04"]
[EventType "swiss (blitz)"]

1. e4 {[%emt 0:00:01]} c5 {[%emt 0:00:01]} 2. c3 {[%emt 0:00:01]} e6 {[%emt 0:00:00]} 3. d4 {[%emt 0:00:01]} cxd4 {[%emt 0:00:00]} 4. cxd4 {[%emt 0:00:00]} d5 {[%emt 0:00:00]} 5. exd5 {[%emt 0:00:00]} exd5 {[%emt 0:00:00]} 6. Nf3 {[%emt 0:00:00]} Nf6 {[%emt 0:00:00]} 7. Bd3 {[%emt 0:00:00]} Be7 {[%emt 0:00:00]} 8. h3 {[%emt 0:00:00]} Nc6 {[%emt 0:00:01]} 9. O-O {[%emt 0:00:00]} O-O {[%emt 0:00:00]} 10. Re1 {[%emt 0:00:00]} Be6 {[%emt 0:00:00]} 11. Nc3 {[%emt 0:00:00]} Re8 {[%emt 0:00:00]} 12. Bg5 {[%emt 0:00:01]} h6 {[%emt 0:00:00]} 13. Bh4 {[%emt 0:00:01]} Rc8 {[%emt 0:00:01]} 14. Rc1 {[%emt 0:00:00]} a6 {[%emt 0:00:01]} 15. Bb1 {[%emt 0:00:01]} b5 {[%emt 0:00:00]} 16. a3 {[%emt 0:00:01]} g6 {[%emt 0:00:01]} 17. Qd3 {[%emt 0:00:01]} Bf5 {[%emt 0:00:03]} 18. Qd2 {[%emt 0:00:03]} Bxb1 {[%emt 0:00:01]} 19. Rxb1 {[%emt 0:00:00]} Ne4 {[%emt 0:00:01]} 20. Bxe7 {[%emt 0:00:03]} Rxe7 {[%emt 0:00:01]} 21. Qxh6 {[%emt 0:00:02]} Qf8 {[%emt 0:00:12]} 22. Qxf8+ {[%emt 0:00:03]} Kxf8 {[%emt 0:00:00]} 23. Nxd5 {[%emt 0:00:00]} Ree8 {[%emt 0:00:00]} 24. Rbc1 {[%emt 0:00:04]} Kg7 {[%emt 0:00:03]} 25. b4 {[%emt 0:00:04]} f5 {[%emt 0:00:02]} 26. Nf4 {[%emt 0:00:01]} Kf6 {[%emt 0:00:02]} 27. d5 {[%emt 0:00:01]} Ne5 {[%emt 0:00:01]} 28. Rxc8 {[%emt 0:00:00]} Rxc8 {[%emt 0:00:01]} 29. Nxe5 {[%emt 0:00:01]} Kxe5 {[%emt 0:00:00]} 30. Nxg6+ {[%emt 0:00:00]} Kf6 {[%emt 0:00:00]} 31. Nf4 {[%emt 0:00:01]} Rd8 {[%emt 0:00:00]} 32. Rd1 {[%emt 0:00:03]} Nd6 {[%emt 0:00:01]} 33. f3 {[%emt 0:00:01]} Nc4 {[%emt 0:00:01]} 34. Ne6 {[%emt 0:00:01]} Rd6 {[%emt 0:00:03]} 35. Nc5 {[%emt 0:00:01]} Nxa3 {[%emt 0:00:03]} 36. Nb7 {[%emt 0:00:01]} Rd7 {[%emt 0:00:02]} 37. d6 {[%emt 0:00:00]} Nc4 {[%emt 0:00:03]} 38. Nc5 {[%emt 0:00:02]} Rxd6 {[%emt 0:00:00]} 39. Rxd6+ {[%emt 0:00:00]} Nxd6 {[%emt 0:00:00]} 40. Nxa6 {[%emt 0:00:00]} Ke5 {[%emt 0:00:00]} 41. Nc7 {[%emt 0:00:01]} Kd4 {[%emt 0:00:01]} 42. g4 {[%emt 0:00:02]} Kc4 {[%emt 0:00:01]} 43. g5 {[%emt 0:00:01]} Ne8 {[%emt 0:00:01]} 44. h4 {[%emt 0:00:00]} Nxc7 {[%emt 0:00:01]} 45. h5 {[%emt 0:00:00]} Kd5 {[%emt 0:00:00]} 46. h6 {[%emt 0:00:00]} Ne6 {[%emt 0:00:02]} 47. h7 {[%emt 0:00:01]} Nxg5 {[%emt 0:00:00]} 48. h8=Q {[%emt 0:00:01]} Nxf3+ {[%emt 0:00:00]} 49. Kf2 {[%emt 0:00:01]} Ne5 {[%emt 0:00:00]} 50. Qa8+ {[%emt 0:00:01]} Kc4 {[%emt 0:00:01]} 51. Qb7 {[%emt 0:00:00]} Nd3+ {[%emt 0:00:00]} 52. Ke3 {[%emt 0:00:01]} Nxb4 {[%emt 0:00:01]} 53. Qc7+ {[%emt 0:00:00]} Kb3 {[%emt 0:00:01]} 54. Qc8 {[%emt 0:00:00]} Nd5+ {[%emt 0:00:00]} 55. Kf3 {[%emt 0:00:01]} Nb4 {[%emt 0:00:00]} 56. Qb8 {[%emt 0:00:00]} Kc4 {[%emt 0:00:01]} 57. Qa8 {[%emt 0:00:00]} Nd5 {[%emt 0:00:00]} 58. Qe8 {[%emt 0:00:00]} Kc5 {[%emt 0:00:01]} 59. Qg8 {[%emt 0:00:00]} b4 {[%emt 0:00:00]} 60. Ke2 {[%emt 0:00:01]} Kc4 {[%emt 0:00:00]} 61. Kd1 {[%emt 0:00:00]} b3 {[%emt 0:00:00]} 62. Kc1 {[%emt 0:00:00]} Kc3 {[%emt 0:00:01]} 63. Qd8 {[%emt 0:00:00]} Kc4 {[%emt 0:00:00]} 64. Qc8+ {[%emt 0:00:01]} Kd3 {[%emt 0:00:00]} 65. Qc7 {[%emt 0:00:00]} Nc3 {[%emt 0:00:00]} 66. Qd7+ {[%emt 0:00:00] Time Time Time Time Time (Lag: Av=0.32s, max=0.8s) (Lag: Av=0.32s, max=0.8s) (Lag: Av=0.32s, max=0.8s) (Lag: Av=0.32s, max=0.8s) (Lag: Av=0.32s, max=0.8s)} 1-0

[Event "Stay Safe Play From Home 355"]
[Site "Emanuel Lasker Arena"]
[Date "2020.08.04"]
[Round "9"]
[White "GIULIO19031975"]
[Black "Greblha"]
[Result "0-1"]
[WhiteElo "1751"]
[BlackElo "1931"]
[Annotator "NA RC"]
[PlyCount "58"]
[EventDate "2020.08.04"]
[EventType "swiss (blitz)"]

1. e4 {[%emt 0:00:20]} c6 {[%emt 0:00:00]} 2. Nf3 {[%emt 0:00:01]} d5 {[%emt 0:00:00]} 3. exd5 {[%emt 0:00:01]} cxd5 {[%emt 0:00:01]} 4. d4 {[%emt 0:00:00]} Nc6 {[%emt 0:00:01]} 5. Be2 {[%emt 0:00:00]} g6 {[%emt 0:00:01]} 6. c3 {[%emt 0:00:00]} Bg7 {[%emt 0:00:01]} 7. Bg5 {[%emt 0:00:01]} Nh6 {[%emt 0:00:01]} 8. O-O {[%emt 0:00:01]} f6 {[%emt 0:00:00]} 9. Bf4 {[%emt 0:00:02]} Nf7 {[%emt 0:00:01]} 10. Qd2 {[%emt 0:00:01]} O-O {[%emt 0:00:01]} 11. h4 {[%emt 0:00:01]} e5 {[%emt 0:00:01]} 12. dxe5 {[%emt 0:00:01]} fxe5 {[%emt 0:00:01]} 13. Bg5 {[%emt 0:00:01]} Nxg5 {[%emt 0:00:01]} 14. Nxg5 {[%emt 0:00:01]} h6 {[%emt 0:00:03]} 15. Nf3 {[%emt 0:00:02]} e4 {[%emt 0:00:01]} 16. Nd4 {[%emt 0:00:01]} Nxd4 {[%emt 0:00:01]} 17. cxd4 {[%emt 0:00:01]} Qxh4 {[%emt 0:00:00]} 18. Nc3 {[%emt 0:00:01]} Be6 {[%emt 0:00:02]} 19. g3 {[%emt 0:00:01]} Qh3 {[%emt 0:00:03]} 20. Nd1 {[%emt 0:00:04]} Rf5 {[%emt 0:00:01]} 21. Ne3 {[%emt 0:00:01]} Rh5 {[%emt 0:00:01]} 22. Bxh5 {[%emt 0:00:04]} gxh5 {[%emt 0:00:03]} 23. Qe2 {[%emt 0:00:04]} Rf8 {[%emt 0:00:02]} 24. Rac1 {[%emt 0:00:01]} Rf3 {[%emt 0:00:03]} 25. Rc7 {[%emt 0:00:02]} Bf8 {[%emt 0:00:02]} 26. Rxb7 {[%emt 0:00:02]} Bg4 {[%emt 0:00:01]} 27. Nxd5 {[%emt 0:00:02]} Rxg3+ {[%emt 0:00:01]} 28. fxg3 {[%emt 0:00:01]} Bxe2 {[%emt 0:00:01]} 29. Nf6+ {[%emt 0:00:01]} Kh8 {[%emt 0:00:03] Tempo Tempo Tempo Tempo Tempo (Lag: Av=0.39s, max=0.5s) (Lag: Av=0.39s, max=0.5s) (Lag: Av=0.39s, max=0.5s) (Lag: Av=0.39s, max=0.5s) (Lag: Av=0.39s, max=0.5s)} 0-1

[Event "Stay Safe Play From Home 355"]
[Site "Emanuel Lasker Arena"]
[Date "2020.08.04"]
[Round "9"]
[White "Trotsky"]
[Black "Ao017545"]
[Result "0-1"]
[WhiteElo "1666"]
[BlackElo "1656"]
[Annotator "NA RC"]
[PlyCount "74"]
[EventDate "2020.08.04"]
[EventType "swiss (blitz)"]

1. d4 {[%emt 0:00:01]} Nf6 {[%emt 0:00:04]} 2. e3 {[%emt 0:00:00]} d5 {[%emt 0:00:01]} 3. c4 {[%emt 0:00:01]} c6 {[%emt 0:00:02]} 4. Nc3 {[%emt 0:00:01]} dxc4 {[%emt 0:00:01]} 5. Bxc4 {[%emt 0:00:01]} Bg4 {[%emt 0:00:01]} 6. f3 {[%emt 0:00:01]} Bf5 {[%emt 0:00:01]} 7. Bd3 {[%emt 0:00:01]} Bxd3 {[%emt 0:00:02]} 8. Qxd3 {[%emt 0:00:01]} e6 {[%emt 0:00:02]} 9. Bd2 {[%emt 0:00:00]} Nh5 {[%emt 0:00:01]} 10. O-O-O {[%emt 0:00:01]} Bb4 {[%emt 0:00:02]} 11. h4 {[%emt 0:00:02]} Nf6 {[%emt 0:00:02]} 12. Qc2 {[%emt 0:00:03]} Bxc3 {[%emt 0:00:03]} 13. bxc3 {[%emt 0:00:01]} Nd5 {[%emt 0:00:00]} 14. Nh3 {[%emt 0:00:01]} Qa5 {[%emt 0:00:03]} 15. Qb3 {[%emt 0:00:08]} Nd7 {[%emt 0:00:00]} 16. Kb2 {[%emt 0:00:02]} Rb8 {[%emt 0:00:01]} 17. Ra1 {[%emt 0:00:01]} N7b6 {[%emt 0:00:01]} 18. Qc2 {[%emt 0:00:01]} Nc4+ {[%emt 0:00:07]} 19. Kb1 {[%emt 0:00:02]} Na3+ {[%emt 0:00:08]} 20. Kc1 {[%emt 0:00:08]} Nxc2 {[%emt 0:00:00]} 21. Kxc2 {[%emt 0:00:01]} Qa4+ {[%emt 0:00:00]} 22. Kd3 {[%emt 0:00:01]} Qb5+ {[%emt 0:00:01]} 23. Kc2 {[%emt 0:00:02]} a5 {[%emt 0:00:01]} 24. Rhb1 {[%emt 0:00:01]} Qc4 {[%emt 0:00:01]} 25. Rb2 {[%emt 0:00:03]} Nb4+ {[%emt 0:00:00]} 26. Kd1 {[%emt 0:00:01]} Qf1+ {[%emt 0:00:01]} 27. Be1 {[%emt 0:00:02]} Nd3 {[%emt 0:00:02]} 28. Re2 {[%emt 0:00:02]} Nxe1 {[%emt 0:00:01]} 29. Rxe1 {[%emt 0:00:01]} Qxg2 {[%emt 0:00:00]} 30. Re2 {[%emt 0:00:01]} Qxh3 {[%emt 0:00:01]} 31. Kd2 {[%emt 0:00:01]} Qf1 {[%emt 0:00:00]} 32. Rxf1 {[%emt 0:00:01]} O-O {[%emt 0:00:00]} 33. e4 {[%emt 0:00:01]} Rfd8 {[%emt 0:00:00]} 34. Ref2 {[%emt 0:00:01]} Rxd4+ {[%emt 0:00:00]} 35. Ke3 {[%emt 0:00:01]} c5 {[%emt 0:00:00]} 36. cxd4 {[%emt 0:00:01]} Rd8 {[%emt 0:00:00]} 37. d5 {[%emt 0:00:01]} Rxd5 {[%emt 0:00:02] Âðåìÿ Âðåìÿ Âðåìÿ Âðåìÿ Âðåìÿ (Lag: Av=0.66s, max=1.2s) (Lag: Av=0.66s, max=1.2s) (Lag: Av=0.66s, max=1.2s) (Lag: Av=0.66s, max=1.2s) (Lag: Av=0.66s, max=1.2s) ' ' ' ' '} 0-1